| 000 | 00368nam a22001217a 4500 | ||
|---|---|---|---|
| 999 |
_c347 _d347 |
||
| 005 | 20200812150539.0 | ||
| 008 | 200812b ||||| |||| 00| 0 eng d | ||
| 020 | _a5990 | ||
| 040 | _cCML | ||
| 245 |
_aA History of The Modern Church from 1500 to the Present days _cWand, J.W.C. |
||
| 260 |
_aLondon _bMethuen & CO Ltd _c1930 |
||
| 942 |
_2ddc _cBK _h270 _mWAN |
||